000 00828nam a2200229 a 4500
001 000019370
005 20200929170010.0
008 100626s1968 ve 000 f spa d
040 _aDO-SdBNP
_bspa
_cBNPHU
041 1 7 _aspa
_hger
_2Código de idiomas MARC
082 _a833.912
_bN897p
100 1 _aNossack, Hans Erich,
_d1901-1977
_941615
240 1 0 _aUnmögliche beweisaufnahme.
_lEspañol.
245 1 0 _aPruebas inadmisibles / :
_bHans Erich Nossack ; traducción de Norberto Silvetti Paz.
260 _aCaracas, Venezuela :
_bMonte Ávila,
_c1968.
300 _a138 p. ;
_c20 cm.
534 _pTítulo original en alemán:
_tUnmögliche beweisaufnahme.
_cSuhrkamp Verlag, 1959
650 4 _aNovela alemana
_93302
650 4 _aLiteratura alemana
_93274
700 1 _aSilvetti Paz, Norberto,
_etr.
_941616
049 _aBNGR
999 _c18887
_d18887